000 00609nam a2200229Ia 4500
003 OSt
005 20220918204233.0
006 a|||||r|||| 00| 0
007 ta
008 220917b |||||||| |||| 00| 0 eng d
024 _a111,676
037 _cTextual
040 _aARTS
_cARTS
_beng
041 _2eng
_aeng
082 _aV541:21wK92, C2
100 _aArmstrong Edward
_9111236
245 0 _aElisabeth Franese
_b The Termagant of Spains
260 _aNA
_bNA
_c1892
650 _aHISTORY
942 _hV541:21wK92, C2
_cTEXL
_2CC
999 _c235025
_d235025